000 01862nam a2200589 i 4500
001 9910272159805606
003 NyNyJPI
005 20260413144318.0
008 150728s2011 xxucho |000 0deng
009 b1000000177694
015 _aPZ 2011
020 _a9781439165508
020 _a9781439165515
020 _z9781439165614
_q(wersja elektroniczna)
035 _a991038407189705066
035 _a(PL-WaBN)MILb30177157-48omnis_nlop
035 _aMILb30177157
035 _a(PL)b1000000177694
040 _aWA N
_cWA N
_dWA N
044 _axxu
_axxk
_axxc
_aat
045 2 _bd1939
_bd2009
046 _k2010
080 _81.1\x
_a94(100)"1939/1945":355.257
080 _81.2\x
_a355.1(438)
080 _81.3\x
_a929-051(73)"19"
080 _81.4\x
_a929-051(73)"20"
080 _81.5\x
_a(0.054)
084 _a10
100 1 _aCosby, Rita
_d(1964- )
_eAutor
245 1 0 _aQuiet hero :
_bsecrets from my father's past /
_cRita Cosby.
260 _aLondon ;
_aToronto ;
_aSydney;
_aNew York :
_bThreshold Editions,
_c2011.
300 _a[VII], 296 stron, [16] stron tablic :
_bfaksymilia, fotografie, portrety ;
_c23 cm.
336 _aTekst
_btxt
_2rdacontent
337 _aBez urządzenia pośredniczącego
_bn
_2rdamedia
338 _aWolumin
_bnc
_2rdacarrier
380 _aKsiążki
380 _aLiteratura faktu, eseje, publicystyka
388 1 _a2001-
600 1 7 _aCosby, Richard
_d(1925-2012)
_2DBN
600 1 7 _aCosby, Rita
_d(1964- )
_2DBN
648 7 _a1901-2000
_2DBN
648 7 _a1939-1945
_2DBN
648 7 _a2001-
_2DBN
650 7 _aJeńcy wojenni
_2DBN
650 7 _aPolacy za granicą
_2DBN
650 7 _aPowstanie warszawskie (1944)
_2DBN
651 7 _aPolska
_2DBN
655 7 _aBiografia
_2DBN
655 7 _aPamiętniki i wspomnienia
_2DBN
658 _aBezpieczeństwo i wojskowość
942 _2z
_cBK
_n0
999 _c91098
_d91098